[Event "GER-ch Net blitz qual4"]
[Site "Playchess.com INT"]
[Date "2021.05.10"]
[Round "7"]
[White "Juergens, Florian"]
[Black "Kirschfink, Bernd"]
[Result "1-0"]
[WhiteElo "1802"]
[BlackElo "1379"]
[PlyCount "93"]
[EventDate "2021.05.10"]
[EventType "swiss (blitz)"]
[EventRounds "11"]
[EventCountry "GER"]
[SourceTitle "CBM 202 Extra"]
[Source "ChessBase"]
[SourceDate "2021.07.31"]
[SourceVersion "1"]
[SourceVersionDate "2021.07.31"]
[SourceQuality "1"]

1. e4 c5 2. c3 Nc6 3. d4 cxd4 4. cxd4 d6 5. Nc3 Nf6 6. f3 e6 7. Be3 Be7 8. Bd3 e5 9. d5 Nd4 10. Bxd4 exd4 11. Qa4+ Bd7 12. Qxd4 0-0 13. Nge2 a6 14. a4 Rc8 15. 0-0 h6 16. Rfc1 Nh5 17. Qf2 g5 18. g4 Ng7 19. Ng3 Bf6 20. Kg2 Be5 21. Ra3 Qf6 22. Qd2 Rc7 23. b4 Rfc8 24. Nce2 Rxc1 25. Nxc1 Bb2 26. Ra2 Bxc1 27. Qe2 Bf4 28. Nf5 Nxf5 29. exf5 Re8 30. Qc2 Qd4 31. b5 Qb4 32. bxa6 bxa6 33. a5 Bb5 34. Be4 Qc4 35. Ra1 Qxc2+ 36. Bxc2 Rc8 37. Be4 Rc1 38. Rxc1 Bxc1 39. h4 Bd2 40. hxg5 hxg5 41. Kg3 f6 42. Kf2 Bxa5 43. Kg2 Kf8 44. Kg3 Ke8 45. f4 Kd7 46. fxg5 fxg5 47. f6 1-0

[Event "GER-ch Net blitz qual4"]
[Site "Playchess.com INT"]
[Date "2021.05.10"]
[Round "11"]
[White "Kirschfink, Bernd"]
[Black "Klemens, Peter"]
[Result "0-1"]
[WhiteElo "1379"]
[BlackElo "1593"]
[PlyCount "50"]
[EventDate "2021.05.10"]
[EventType "swiss (blitz)"]
[EventRounds "11"]
[EventCountry "GER"]
[SourceTitle "CBM 202 Extra"]
[Source "ChessBase"]
[SourceDate "2021.07.31"]
[SourceVersion "1"]
[SourceVersionDate "2021.07.31"]
[SourceQuality "1"]

1. d4 d5 2. c4 c6 3. e3 Nf6 4. Nc3 Bf5 5. Nf3 e6 6. cxd5 exd5 7. Bd3 Bg6 8. 0-0 Bd6 9. g3 0-0 10. b3 Qe7 11. Bb2 Ne4 12. Rc1 Nxc3 13. Bxc3 Nd7 14. Qc2 Nf6 15. Ne5 Bxd3 16. Qxd3 Ne4 17. Bb2 Rad8 18. Rce1 h6 19. f3 Ng5 20. e4 dxe4 21. fxe4 Bxe5 22. Qe3 Bb8 23. e5 Qe6 24. Rf4 Qd5 25. Ref1 Nh3# 0-1

[Event "GER-ch Net blitz qual3"]
[Site "Playchess.com INT"]
[Date "2021.05.07"]
[Round "1"]
[White "Kitschke, Heiko"]
[Black "Kirschfink, Bernd"]
[Result "1-0"]
[WhiteElo "1806"]
[BlackElo "1410"]
[PlyCount "53"]
[EventDate "2021.05.07"]
[EventType "swiss (blitz)"]
[EventRounds "11"]
[EventCountry "GER"]
[SourceTitle "CBM 202 Extra"]
[Source "ChessBase"]
[SourceDate "2021.07.31"]
[SourceVersion "1"]
[SourceVersionDate "2021.07.31"]
[SourceQuality "1"]

1. e4 c5 2. Nf3 Nc6 3. Bb5 d6 4. h3 Bd7 5. Nc3 e6 6. 0-0 Nf6 7. d4 cxd4 8. Nxd4 Rc8 9. Bg5 Be7 10. Nxc6 Bxc6 11. Bxc6+ Rxc6 12. Qe2 0-0 13. Rfd1 Qc7 14. Bf4 a6 15. Rd2 Rd8 16. Rad1 h6 17. e5 dxe5 18. Rxd8+ Bxd8 19. Bxe5 Qc8 20. Qd3 Be7 21. Rd2 Rc5 22. Bd4 Rd5 23. Nxd5 Nxd5 24. c4 Nf4 25. Qe4 Ng6 26. Be3 Bf6 27. b3 1-0

[Event "GER-ch Net blitz qual1"]
[Site "Playchess.com INT"]
[Date "2021.04.24"]
[Round "8"]
[White "Kirschfink, Bernd"]
[Black "Kettner, Peer"]
[Result "1-0"]
[WhiteElo "1620"]
[BlackElo "1620"]
[PlyCount "97"]
[EventDate "2021.04.24"]
[EventType "swiss (blitz)"]
[EventRounds "11"]
[EventCountry "GER"]
[SourceTitle "CBM 202 Extra"]
[Source "ChessBase"]
[SourceDate "2021.07.31"]
[SourceVersion "1"]
[SourceVersionDate "2021.07.31"]
[SourceQuality "1"]

1. d4 d5 2. c4 dxc4 3. Nc3 e5 4. dxe5 Qxd1+ 5. Nxd1 Bb4+ 6. Nc3 Bxc3+ 7. bxc3 Nc6 8. Nf3 Bg4 9. e4 Bxf3 10. gxf3 Nxe5 11. Be2 Nd3+ 12. Bxd3 cxd3 13. Bf4 0-0-0 14. 0-0-0 c5 15. c4 a6 16. a4 b5 17. cxb5 axb5 18. axb5 Kb7 19. Rd2 c4 20. Be5 Ne7 21. Bxg7 Rhg8 22. Bf6 Rge8 23. Kb2 Kb6 24. Kc3 Kxb5 25. Rb1+ Kc5 26. Rb4 Nd5+ 27. exd5 Re2 28. Rxc4+ Kb5 29. Rd4 Rxd2 30. Kxd2 Kc5 31. Kxd3 Rxd5 32. Rxd5+ Kxd5 33. Ke3 Ke6 34. Bc3 Kf5 35. f4 h5 36. h3 f6 37. f3 Kg6 38. Ke4 f5+ 39. Ke5 Kf7 40. Bb4 h4 41. Kxf5 Kg7 42. Ke6 Kg6 43. f5+ Kg7 44. f6+ Kg8 45. f7+ Kg7 46. f8Q+ Kg6 47. Qf7+ Kg5 48. Qf5+ Kh6 49. Bf8# 1-0

[Event "GER-ch Net blitz qual1"]
[Site "Playchess.com INT"]
[Date "2021.04.24"]
[Round "4"]
[White "Meister, Hubert"]
[Black "Kirschfink, Bernd"]
[Result "1/2-1/2"]
[WhiteElo "1454"]
[BlackElo "1620"]
[PlyCount "91"]
[EventDate "2021.04.24"]
[EventType "swiss (blitz)"]
[EventRounds "11"]
[EventCountry "GER"]
[SourceTitle "CBM 202 Extra"]
[Source "ChessBase"]
[SourceDate "2021.07.31"]
[SourceVersion "1"]
[SourceVersionDate "2021.07.31"]
[SourceQuality "1"]

1. c4 e5 2. d4 exd4 3. Qxd4 Nc6 4. Qd1 d6 5. e3 Nf6 6. Nc3 Be7 7. Nf3 0-0 8. Be2 Bg4 9. 0-0 Ne5 10. Nxe5 Bxe2 11. Nxe2 dxe5 12. Qxd8 Raxd8 13. Nc3 c6 14. Rb1 Rd7 15. b3 Rfd8 16. Bb2 h6 17. h3 Rd2 18. g4 g5 19. Kg2 Kg7 20. Kf3 Kg6 21. Ne4 Nxe4 22. Kxe4 f6 23. Kf3 f5 24. a3 e4+ 25. Kg3 Bd6+ 26. Kg2 f4 27. exf4 Bxf4 28. Bc1 Rd1 29. Bxf4 Rxb1 30. Rxb1 gxf4 31. h4 Rd3 32. a4 b6 33. b4 a6 34. Re1 e3 35. fxe3 fxe3 36. c5 b5 37. axb5 axb5 38. Kf3 Rb3 39. Rxe3 Rxb4 40. Re4 Rxe4 41. Kxe4 Kf6 42. h5 Ke6 43. Kd4 Kf6 44. Ke4 Ke6 45. Kd4 Kf6 46. Ke4 1/2-1/2